00401nam a2200121Ia 4500008004100000100002600041245003300067245002700100260000900127856005100136999001900187952007300206160531s9999 xx 000 0 und d aWilliams, Lippincott. aHandbook of Signs & Symptoms cBy:Lippincott Williams c2015 uhttp://file.ebook777.com/009/9781451194258.rar c295338d295338 001040aCLbCLd2016-05-31l0r2016-05-31 00:00:00w2016-05-31yCBE